000 02553nam0a2200373 4500
001 RU\NLR\BIBL_A\022369973
005 20260420020819.0
010 _a978-5-389-25236-3
_93000
021 _aRU
_bКН-П-24-055074
_9КН-П-24-5484
035 _a(NLR Aleph) 022369973
090 _a13668888
_c13668888
100 _a20241101d2024 u y0rusy50 ca
101 1 _arus
_ceng
102 _aRU
105 _ay|||z|||000gy
181 0 _ai
_bxxxe
182 0 _an
200 1 _aВетер в камышах
_e[избранные произведения]
_fУильям Батлер Йейтс
_gперевод с английского, [комментарии] Григория Кружкова
203 _aТекст
_bвизуальный
_cнепосредственный
210 _aСанкт-Петербург
_cАзбука-Аттикус, Азбука
_d2024
215 _a315, [1] с.
_d17
225 1 _aАзбука-поэзия
300 _aВ аннот. авт.: У. Б. Йейтс, лауреат Нобелев. премии
309 _aКн. в пояске
327 0 _aСодерж. циклы: Из книги "Перекрестки" (1889) ; Из книги "Роза" (1893) ; Из книги "Ветер в камышах" (1899) ; Из книги "В семи лесах" (1903) ; Из книги "Зеленый шлем и другие стихотворения" (1910) ; Из книги "Ответственность" (1914) ; Из книги "Дикие лебеди в Куле" (1919) ; Из книги "Майкл Робартис и плясунья" (1921) ; Две песни из пьесы "Последняя ревность Эмер" (1919) ; Из книги "Башня" (1928) [и др.]. В кн. также: У. Б. Йейтс. "Сохранить в душе ирландство" / Г. Кружков
333 _a16+
464 0 _12001#$aУ. Б. Йейтс. "Сохранить в душе ирландство"$fГ. Кружков
_1700#1$aКружков$bГ. М.$f1945-$gГригорий Михайлович$3RU\NLR\AUTH\7732372
_tУ. Б. Йейтс. "Сохранить в душе ирландство"
_aКружков, Григорий Михайлович (1945-)
686 1 _aШ6(4И)167-5{Лх1328-175}
700 1 _7ca
_8rus
_aЙейтс
_bУ. Б.
_f1865-1939
_gУильям Батлер
_9357
_3RU\NLR\AUTH\7717268
942 _cBOOK
980 _aNB